Представление документа в формате RUSMARC

ПолеНазваниеЗначение
  Тип записи a
  Библиографический уровень m
001 Контрольный номер 2cc6762899fa4c3ba7897a4125fe235d
005 Дата корректировки 20140526192823.4
101 Язык документа __
a Язык текста rus
102 Страна публикации __
a Страна публикации RU
200 Заглавие и сведения об ответственности __
a Заглавие Как организовать работу с иностранными банками и фирмами : Протокол. Переговоры.Контакты
f Первые сведения об ответственности Банк внешнеэкон.деятельности. - [2-е изд.,перераб.].
210 Выходные данные __
a Место издания Москва
c Издательство Изд-во АО "Консалтбанкир"
d Дата издания 1995
215 Физическое описание __
a Объем 108
d Формат 20см.
225 Серия __
a Серия Серия "Международный банковский бизнес"
610 Ключевые слова __
a Ключевые слова Внешняя торговля
686 Индексы других классификаций __
a Классификационный индекс 65.9(2)8
2 Код системы rubbk
686 Индексы других классификаций __
a Классификационный индекс 65.9(2)843
2 Код системы rubbk
700 Автор __
a Фамилия Ярыгина,Ирина Зотовна.
801 Источник записи _0
a Страна RU
b Организация РУК
c Дата составления 19950630
g Правила каталогизации PSBO
801 Источник записи _1
a Страна RU
b Организация РУК
c Дата составления 19950630
g Правила каталогизации PSBO
852 Данные о местонахождении __
i Авторский знак Я79
j Шифр хранения 65.9(2)843
901 Тип документа __
t Тип документа m
938 Служебная информация __
a Название организации Головной вуз
b Имя БД BOOK
c Название АИБС АИБС ИРБИС